| 000 | 01564cam a2200385 i 4500 | ||
|---|---|---|---|
| 001 | 200448112 | ||
| 003 | TR-AnTOB | ||
| 005 | 20251229130700.0 | ||
| 007 | ta | ||
| 008 | 220315m19691970sz 100 0 eng | ||
| 010 | _a 79521845 //r853 | ||
| 015 | _aSw*** | ||
| 035 | _a(OCoLC)121809 | ||
| 040 |
_aDLC _beng _erda _cDLC _dCGU _dTR-AnTOB |
||
| 041 | 0 |
_aeng _afre |
|
| 049 | _aCGUA | ||
| 050 | 1 | 4 |
_aHD5261 _b.H64 1969 |
| 090 |
_aTOBBK HD5261 _b.H64 1969 |
||
| 110 | 2 |
_aInternational Labour Office _0http://id.loc.gov/authorities/names/n79086351 _927101 |
|
| 245 | 0 | 0 |
_aHolidays with pay : _bFourth item on the agenda / _cInternational Labour Office |
| 264 | 1 |
_aGeneva : _bInternational Labour Office, _c1970. |
|
| 300 |
_a2 volumes ; _c24 cm |
||
| 336 |
_atext _btxt _2rdacontent |
||
| 337 |
_aunmediated _bn _2rdamedia |
||
| 338 |
_avolume _bnc _2rdacarrier |
||
| 500 | _aAt head of title: Report IV (1)-(2) International Labour Conference, 54th session, Geneva, 1970. | ||
| 500 | _aIncludes proposed Convention concerning holidays with pay (revised 1970). (v. 1) | ||
| 500 | _aProposed texts in English and French. (v. 2) | ||
| 650 | 0 |
_aVacations, Employee _xLaw and legislation _vCongresses _0http://id.loc.gov/authorities/subjects/sh85141706 _9133951 |
|
| 650 | 0 |
_aVacations, Employee _xLaw and legislation _vCongresses _2fast _0http://id.worldcat.org/fast/fst01163537 _9133951 |
|
| 711 | 2 |
_aInternational Labour Conference _n(54th : _d1970 : _cGeneva, Switzerland). _934183 |
|
| 942 |
_2z _cBK |
||
| 999 |
_c200448112 _d66324 |
||